Pokémon anhand von Bilder, auf denen sie basieren, erraten 1 - Statistiken

Allgemein
  • Dieses Quiz wurde 1.494 mal gespielt
  • Das Durchschnittsergebnis liegt bei 25 aus 32
Antwortstatistiken
Bildquiz Antwort % Korrekt
Glurak, Dragoran
91%
Lavados
90%
Arbok
89%
Goldini, Golking
89%
Kokowei
88%
Mauzi
88%
Rihorn
88%
Owei
87%
Sterndu
87%
Giflor, Bisaflor
85%
Bibor
84%
Muschas
84%
Vulnona
84%
Smettbo
83%
Amonitas, Amoroso
80%
Karpador
80%
Seeper, Seemon
80%
Kingler
79%
Lapras
79%
Tauros
79%
Maschock
77%
Garados, Dragonir
75%
Kangama
73%
Quapsel
73%
Sarzenia
72%
Aerodactyl
70%
Enton
70%
Omot
69%
Kabuto
68%
Myrapla
67%
Sichlor
65%
Traumato
15%
Keine übereinstimmenden Quizze gefunden
Verteilung der Resultate
Anzahl Personen mit jedem Resultat
Perzentil nach korrekt beantworteten Fragen
Ihre Resultats-Entwicklung
Sie haben dieses Quiz noch nicht gespielt